[Event "GCT London Finals (tie-break) 2019"]
[Site "London ENG"]
[Date "2019.12.04"]
[Round "1"]
[White "Vachier-Lagrave, Maxime"]
[Black "Carlsen, Magnus"]
[Result "1/2-1/2"]
[WhiteElo "2799"]
[BlackElo "2856"]
[PlyCount "92"]
[EventDate "2019.12.02"]

1. e4 e5 2. Nf3 Nc6 3. Bb5 a6 4. Ba4 Nf6 5. O-O Bc5 6. c3 O-O 7. d4 Ba7 8. dxe5
Nxe4 9. Qd5 Nc5 10. Bc2 Ne7 11. Qd1 d5 12. exd6 Qxd6 13. Qxd6 cxd6 14. Re1 Re8
15. Na3 Bg4 16. Bf4 Bxf3 17. gxf3 d5 18. Rad1 Ne6 19. Be3 g6 20. Bb3 d4 21.
cxd4 Nf5 22. d5 Ned4 23. Bxd4 Rxe1+ 24. Rxe1 Bxd4 25. Nc4 b5 26. Ne3 Nd6 27.
Rc1 Bxb2 28. Rc6 Be5 29. Ng4 Bf4 30. Nf6+ Kg7 31. Ne4 Nf5 32. d6 Ra7 33. Bd1
Nd4 34. Rb6 Rd7 35. Rxa6 f5 36. Nc5 Rxd6 37. Rxd6 Bxd6 38. Nb3 Ne6 39. Be2 b4
40. Bc4 Nf4 41. Nc1 Kf6 42. Nd3 Nxd3 43. Bxd3 Bf4 44. Bc4 Bd6 45. Bd3 Bf4 46.
Bc4 Bd6 1/2-1/2

[Event "GCT London Finals (tie-break) 2019"]
[Site "London ENG"]
[Date "2019.12.04"]
[Round "1"]
[White "Ding Liren"]
[Black "Aronian, Levon"]
[Result "1-0"]
[WhiteElo "2799"]
[BlackElo "2778"]
[PlyCount "70"]
[EventDate "2019.12.02"]

1. d4 Nf6 2. c4 e6 3. Nf3 d5 4. Nc3 Be7 5. Bf4 O-O 6. e3 Nbd7 7. Be2 dxc4 8.
O-O a6 9. a4 Nd5 10. Bxc4 Nxf4 11. exf4 c5 12. dxc5 Bxc5 13. Qe2 b6 14. Rad1
Qe7 15. Rfe1 g6 16. Nd5 Qd8 17. Ng5 exd5 18. Bxd5 Ra7 19. b4 Bxb4 20. Bxf7+
Rxf7 21. Nxf7 Qf8 22. Nd6 Bxd6 23. Qe6+ Kg7 24. Rxd6 Rc7 25. g3 Qf7 26. Rc6
Rxc6 27. Qxc6 Qf8 28. Rc1 Nc5 29. Qxb6 Ne6 30. Qc6 Nd4 31. Qc7+ Kh6 32. Qxc8
Qe7 33. Rd1 Nf3+ 34. Kg2 Qe4 35. Kh3 Nd4 1-0

[Event "GCT London Finals (tie-break) 2019"]
[Site "London ENG"]
[Date "2019.12.04"]
[Round "1"]
[White "Carlsen, Magnus"]
[Black "Vachier-Lagrave, Maxime"]
[Result "1/2-1/2"]
[WhiteElo "2856"]
[BlackElo "2799"]
[PlyCount "118"]
[EventDate "2019.12.02"]

1. d4 Nf6 2. c4 g6 3. Nc3 d5 4. cxd5 Nxd5 5. e4 Nxc3 6. bxc3 Bg7 7. Bc4 c5 8.
Ne2 O-O 9. Be3 Nc6 10. h4 cxd4 11. cxd4 Qa5+ 12. Kf1 Bd7 13. h5 Rac8 14. hxg6
hxg6 15. Bb3 Qa6 16. Kg1 Na5 17. Nf4 Rfe8 18. e5 Bf5 19. Kh2 Nxb3 20. axb3 Qc6
21. Rxa7 Red8 22. Qf3 Qxf3 23. gxf3 f6 24. Rxb7 fxe5 25. dxe5 Bxe5 26. Rxe7 Re8
27. Rxe8+ Rxe8 28. Kg2 Rb8 29. Nd5 Rxb3 30. Bf4 Bxf4 31. Nxf4 Kg7 32. Nd5 Rb5
33. Rd1 Be6 34. Ne3 Rg5+ 35. Kh2 Kf6 36. Rd6 Ke7 37. Rb6 Kf7 38. f4 Rc5 39. Kg3
g5 40. fxg5 Rxg5+ 41. Kf4 Ra5 42. f3 Ra4+ 43. Kg3 Ra3 44. Nc2 Ra4 45. Nb4 Ra3
46. Nc6 Bd5 47. Ne5+ Ke7 48. Kg4 Bxf3+ 49. Nxf3 Ra5 50. Kf4 Ra1 51. Nd4 Rf1+
52. Ke5 Re1+ 53. Kd5 Rd1 54. Re6+ Kf7 55. Re4 Kf6 56. Kd6 Rf1 57. Re6+ Kf7 58.
Rh6 Rf6+ 59. Rxf6+ Kxf6 1/2-1/2

[Event "GCT London Finals (tie-break) 2019"]
[Site "London ENG"]
[Date "2019.12.04"]
[Round "1"]
[White "Aronian, Levon"]
[Black "Ding Liren"]
[Result "0-1"]
[WhiteElo "2778"]
[BlackElo "2799"]
[PlyCount "78"]
[EventDate "2019.12.02"]

1. c4 Nf6 2. Nc3 e5 3. Nf3 Nc6 4. d3 d5 5. cxd5 Nxd5 6. e3 Be7 7. Be2 O-O 8.
Bd2 Be6 9. a3 a5 10. Qc2 Nb6 11. b3 f5 12. Bc1 Bf6 13. Bb2 g5 14. Nd2 Bg7 15.
h3 Qe7 16. g4 f4 17. Nde4 Nd5 18. O-O-O a4 19. b4 Ndxb4 20. axb4 a3 21. Ba1
Nxb4 22. Qb1 f3 23. Bf1 Ra6 24. Nxg5 a2 25. Qb2 Rb6 26. Nxe6 Qxe6 27. Qa3 Rd8
28. Rd2 c5 29. Ne4 Bf8 30. Qc3 Nd5 31. Qc2 Rb1+ 32. Qxb1 axb1=Q+ 33. Kxb1 Nb4
34. g5 Qb3+ 35. Bb2 Ra8 36. Nc3 e4 37. g6 Bg7 38. d4 cxd4 39. exd4 Bxd4 0-1

[Event "GCT London Finals (tie-break) 2019"]
[Site "London ENG"]
[Date "2019.12.04"]
[Round "1"]
[White "Vachier-Lagrave, Maxime"]
[Black "Carlsen, Magnus"]
[Result "1/2-1/2"]
[WhiteElo "2799"]
[BlackElo "2856"]
[PlyCount "91"]
[EventDate "2019.12.02"]

1. e4 e5 2. Nf3 Nc6 3. Bb5 a6 4. Ba4 Nf6 5. O-O Nxe4 6. d4 Be7 7. Re1 b5 8.
Rxe4 d5 9. Nxe5 Nxe5 10. Rxe5 bxa4 11. Qe2 c6 12. Bd2 Be6 13. f4 g6 14. Nc3 a3
15. b3 Bd6 16. f5 gxf5 17. Rf1 Bxe5 18. Qxe5 Rg8 19. Na4 Qb8 20. Qe3 Rg4 21.
Nc5 Re4 22. Nxe4 fxe4 23. Qh6 Qa7 24. Qg7 O-O-O 25. Bb4 Re8 26. Bxa3 h5 27. Bc5
Qd7 28. Qg5 e3 29. Qxe3 Bf5 30. Qf2 Bg6 31. c4 Bd3 32. Re1 Rxe1+ 33. Qxe1 dxc4
34. bxc4 Bxc4 35. h3 Qe6 36. Qxe6+ Bxe6 37. a3 Bd5 38. Kf2 Kd7 39. g3 Be6 40.
h4 Bg4 41. Ke3 Ke6 42. Kf4 Kd5 43. Ke3 Ke6 44. Kf4 Kd5 45. Ke3 Ke6 46. Kf4
1/2-1/2

[Event "GCT London Finals (tie-break) 2019"]
[Site "London ENG"]
[Date "2019.12.04"]
[Round "1"]
[White "Ding Liren"]
[Black "Aronian, Levon"]
[Result "1/2-1/2"]
[WhiteElo "2799"]
[BlackElo "2778"]
[PlyCount "97"]
[EventDate "2019.12.02"]

1. d4 Nf6 2. c4 c5 3. d5 e5 4. Nc3 d6 5. e4 Nbd7 6. Bd3 Be7 7. Nge2 g6 8. h4 a6
9. a4 b6 10. g3 Rb8 11. f3 Rb7 12. Bh6 Bf8 13. Be3 h5 14. Qd2 Bg7 15. Kd1 Kf8
16. Kc2 Ne8 17. Nd1 Nc7 18. Nec3 Nf6 19. Nf2 Bd7 20. b3 Kg8 21. Rhb1 Kh7 22. b4
Qb8 23. b5 a5 24. Rh1 Qf8 25. Nh3 Kg8 26. Ng5 Nfe8 27. f4 Nf6 28. f5 gxf5 29.
exf5 Nce8 30. Raf1 Ng4 31. Nce4 Nef6 32. Be2 Nxe4 33. Nxe4 Nxe3+ 34. Qxe3 f6
35. Qd3 Be8 36. Qd1 Rd7 37. Rh2 Qf7 38. Rg1 Kf8 39. g4 hxg4 40. Rxg4 Ke7 41. h5
Kd8 42. Rg6 Qe7 43. Bg4 Qf8 44. Qf3 Rh6 45. Rf2 Kc7 46. Kd3 Re7 47. Rf1 Rd7 48.
Rf2 Re7 49. Rf1 1/2-1/2

[Event "GCT London Finals (tie-break) 2019"]
[Site "London ENG"]
[Date "2019.12.04"]
[Round "1"]
[White "Carlsen, Magnus"]
[Black "Vachier-Lagrave, Maxime"]
[Result "0-1"]
[WhiteElo "2856"]
[BlackElo "2799"]
[PlyCount "108"]
[EventDate "2019.12.02"]

1. d4 Nf6 2. Nf3 g6 3. Nbd2 d5 4. b3 Bg7 5. Bb2 a5 6. a4 O-O 7. e3 Bf5 8. Be2
Nc6 9. O-O Nb4 10. Ne1 Ne4 11. c3 Nxd2 12. Qxd2 Nc6 13. Nd3 e5 14. Nxe5 Nxe5
15. dxe5 Bxe5 16. Rfd1 Qd6 17. Ba3 c5 18. Qxd5 Qxd5 19. Rxd5 Bxc3 20. Rad1 Bb4
21. Bxb4 cxb4 22. Bc4 Be6 23. Rb5 Rfd8 24. Rd4 Rac8 25. Rxd8+ Rxd8 26. Kf1
Bxc4+ 27. bxc4 Rd2 28. Rxb7 Ra2 29. c5 Rxa4 30. Ke2 Ra3 31. c6 Rc3 32. c7 Kg7
33. Ra7 b3 34. Rxa5 Rxc7 35. Rb5 Rc2+ 36. Kf3 b2 37. Rb6 h5 38. h3 Kf8 39. g4
h4 40. g5 Ke7 41. e4 Kd7 42. Ke3 Kc7 43. Rb5 Kc6 44. Rb8 Kc5 45. f4 Kc4 46. f5
Kc3 47. Kf4 Rg2 48. fxg6 fxg6 49. e5 Re2 50. Rb6 Kc2 51. Rc6+ Kd1 52. Rd6+ Kc1
53. Rc6+ Rc2 54. Rb6 Rc4+ 0-1

[Event "GCT London Finals (tie-break) 2019"]
[Site "London ENG"]
[Date "2019.12.04"]
[Round "1"]
[White "Aronian, Levon"]
[Black "Ding Liren"]
[Result "0-1"]
[WhiteElo "2778"]
[BlackElo "2799"]
[PlyCount "72"]
[EventDate "2019.12.02"]

1. c4 e5 2. Nc3 Bb4 3. Qc2 Nf6 4. Nf3 Nc6 5. Nd5 Ba5 6. a3 d6 7. e3 Nxd5 8.
cxd5 Ne7 9. Bc4 O-O 10. b4 Bb6 11. Bb2 Bf5 12. d3 Ng6 13. h4 h6 14. h5 Ne7 15.
e4 Bg4 16. a4 a5 17. b5 Rc8 18. d4 c6 19. dxc6 bxc6 20. Qd2 Bxf3 21. gxf3 d5
22. Rg1 dxc4 23. Qxh6 Ng6 24. Qd2 Nf4 25. d5 Nd3+ 26. Ke2 Qh4 27. Raf1 Qf4 28.
Qxf4 Nxf4+ 29. Kd2 cxd5 30. Bxe5 Nxh5 31. exd5 Rc5 32. Kc3 Rxd5 33. Bh2 Rfd8
34. Rg4 Rd3+ 35. Kxc4 Nf6 36. Rh4 Rxf3 0-1

[Event "GCT London Finals (tie-break) 2019"]
[Site "London ENG"]
[Date "2019.12.04"]
[Round "1"]
[White "Vachier-Lagrave, Maxime"]
[Black "Carlsen, Magnus"]
[Result "0-1"]
[WhiteElo "2799"]
[BlackElo "2856"]
[PlyCount "90"]
[EventDate "2019.12.02"]

1. e4 c5 2. Nf3 d6 3. d4 cxd4 4. Nxd4 Nf6 5. Nc3 Bd7 6. Bg5 e6 7. Ndb5 Bxb5 8.
Bxb5+ Nc6 9. Qf3 Be7 10. e5 dxe5 11. Bxc6+ bxc6 12. Qxc6+ Kf8 13. O-O Qc8 14.
Qf3 Rb8 15. Rab1 h6 16. Bxf6 gxf6 17. Rfd1 f5 18. Qe3 Qc7 19. Na4 Kg7 20. b3
Qxc2 21. Qxe5+ Bf6 22. Qg3+ Kh7 23. Qd3 Rhc8 24. Qd2 Rc7 25. g3 Rbc8 26. a3 Kg6
27. Qxc2 Rxc2 28. b4 R8c4 29. Nc5 Bd4 30. Nd3 Ra2 31. Rbc1 Rxc1 32. Rxc1 Rxa3
33. Nf4+ Kf6 34. Kf1 Ra2 35. Ne2 Bb6 36. f4 Rb2 37. Rc4 Ke7 38. h4 Kd6 39. Nc3
Rf2+ 40. Ke1 Rf3 41. Ne2 Kd5 42. Rc8 Rb3 43. Kd2 Ke4 44. Nc3+ Kf3 45. Rh8 Bd4
0-1

[Event "GCT London Finals (tie-break) 2019"]
[Site "London ENG"]
[Date "2019.12.04"]
[Round "1"]
[White "Ding Liren"]
[Black "Aronian, Levon"]
[Result "1-0"]
[WhiteElo "2799"]
[BlackElo "2778"]
[PlyCount "72"]
[EventDate "2019.12.02"]

1. e4 e5 2. Nf3 Nc6 3. Bc4 Bc5 4. O-O Nf6 5. d3 d6 6. c3 O-O 7. Re1 Bb6 8. Nbd2
Ng4 9. Re2 Kh8 10. h3 f5 11. exf5 Nxf2 12. Rxf2 Bxf2+ 13. Kxf2 Bxf5 14. Nf1 d5
15. Bb3 e4 16. dxe4 Bxe4 17. Kg1 Bxf3 18. gxf3 Qh4 19. Kg2 Ne5 20. f4 Rf6 21.
Bc2 Rh6 22. Bf5 Ng6 23. Bg4 Qe7 24. f5 Nh4+ 25. Kh2 Rb6 26. Ng3 Re8 27. Bh5 Rf8
28. Qg4 g6 29. Bg5 Rxb2+ 30. Kh1 gxh5 31. Qxh4 Qe5 32. Rf1 d4 33. Qxd4 Qxd4 34.
cxd4 Rxa2 35. Nxh5 Kg8 36. Bh6 Ra5 1-0

[Event "GCT London Finals (tie-break) 2019"]
[Site "London ENG"]
[Date "2019.12.04"]
[Round "1"]
[White "Carlsen, Magnus"]
[Black "Vachier-Lagrave, Maxime"]
[Result "1/2-1/2"]
[WhiteElo "2856"]
[BlackElo "2799"]
[PlyCount "144"]
[EventDate "2019.12.02"]

1. c4 c5 2. g3 g6 3. Bg2 Bg7 4. Nc3 Nc6 5. Nf3 d6 6. O-O Bf5 7. h3 Nf6 8. d3
O-O 9. a3 a6 10. Rb1 Rb8 11. b4 cxb4 12. axb4 b5 13. cxb5 axb5 14. e4 Be6 15.
Bd2 Nd7 16. Kh2 Nde5 17. Nxe5 dxe5 18. Be3 Nd4 19. Nd5 Bxd5 20. exd5 Qd6 21.
Qd2 Rfc8 22. Rfc1 e6 23. Bxd4 exd4 24. Rc6 Rxc6 25. dxc6 h5 26. h4 Bf6 27. Kg1
Ra8 28. Qc2 Be7 29. Qc5 Qxc5 30. bxc5 Rb8 31. c7 Rc8 32. Rxb5 Rxc7 33. c6 Kg7
34. Ra5 Bd6 35. Ra8 Kf6 36. Be4 Ke7 37. Kg2 Bc5 38. Kh3 Kd6 39. Kg2 Ra7 40.
Rd8+ Ke7 41. Rb8 Rc7 42. Kf1 Kd6 43. Ke2 Ba7 44. Rd8+ Ke7 45. Ra8 Bc5 46. Kd1
Bb4 47. Ke2 Bc3 48. Kf1 Bb4 49. Kg2 Bc3 50. Ra4 Kd6 51. Kh3 Ke7 52. Bg2 Be1 53.
Ra2 Bb4 54. g4 hxg4+ 55. Kxg4 Bd6 56. Rb2 Kf6 57. Rb7 Kg7 58. Rb5 f5+ 59. Kh3
g5 60. hxg5 Kg6 61. Rb7 Kxg5 62. Rxc7 Bxc7 63. Bf3 Bd6 64. Bd1 Kf4 65. Kg2 e5
66. Kf1 e4 67. Ke2 Bc7 68. Bb3 Bd6 69. Be6 Bc7 70. Bd7 Bd6 71. Be6 Bc7 72. Bd7
Bd6 1/2-1/2

[Event "GCT London Finals (tie-break) 2019"]
[Site "London ENG"]
[Date "2019.12.04"]
[Round "1"]
[White "Aronian, Levon"]
[Black "Ding Liren"]
[Result "1-0"]
[WhiteElo "2778"]
[BlackElo "2799"]
[PlyCount "64"]
[EventDate "2019.12.02"]

1. e4 e5 2. Nf3 Nc6 3. Bc4 Bc5 4. c3 Nf6 5. d4 exd4 6. e5 d5 7. Be2 Ne4 8. cxd4
Bb4+ 9. Bd2 Nxd2 10. Nbxd2 O-O 11. O-O f6 12. Nb3 fxe5 13. Nxe5 Nxe5 14. dxe5
c6 15. f4 Bf5 16. Bd3 Ba5 17. Bxf5 Bb6+ 18. Kh1 Rxf5 19. g4 Rf8 20. f5 Qg5 21.
Qf3 Rae8 22. Rae1 h5 23. gxh5 Bc7 24. Nc5 Rxe5 25. Rxe5 Bxe5 26. Nd7 Re8 27.
Re1 Qd2 28. Qe2 Qf4 29. Nxe5 Qxf5 30. h6 gxh6 31. Qg2+ Kh7 32. Rg1 Qe4 1-0

[Event "Chinese League (Division A) 2019"]
[Site "China CHN"]
[Date "2019.11.21"]
[Round "16.1"]
[White "Wen, Yang"]
[Black "Wang, Hao"]
[Result "0-1"]
[WhiteElo "2586"]
[BlackElo "2756"]
[PlyCount "88"]
[EventDate "2019.04.09"]
[WhiteTeam "Shandong Jingzhi team"]
[BlackTeam "Guangdong Shenzhen Longgang Chess team"]

1. e4 e5 2. Nf3 Nc6 3. Nc3 Nf6 4. d4 exd4 5. Nxd4 Bb4 6. Nxc6 bxc6 7. Bd3 O-O
8. O-O Re8 9. Re1 d6 10. Bg5 h6 11. Bh4 g5 12. Bg3 Ng4 13. Qd2 Bc5 14. Na4 Bd4
15. h3 Ne5 16. Be2 Qf6 17. Rad1 Bb6 18. Qc3 Bd7 19. b3 Kg7 20. Bh5 Re7 21. Re2
Rae8 22. Nxb6 axb6 23. a4 c5 24. f3 Ng6 25. Qxf6+ Kxf6 26. Red2 Nf4 27. Bg4 Be6
28. Kf2 Ra8 29. c4 h5 30. Bxe6 Nxe6 31. h4 Nd4 32. hxg5+ Kxg5 33. Rh1 Kg6 34.
Bf4 Nxb3 35. Rd5 f6 36. Rdxh5 Rxa4 37. Rh6+ Kf7 38. g4 Ke6 39. Bg5 Rf7 40. Rg6
Ke5 41. Ke3 fxg5 42. Rh8 Rxf3+ 43. Kxf3 Nd2+ 44. Ke3 Nxc4+ 0-1

[Event "Chinese League (Division A) 2019"]
[Site "China CHN"]
[Date "2019.11.21"]
[Round "16.1"]
[White "Dzagnidze, Nana"]
[Black "Ning, Kaiyu"]
[Result "1/2-1/2"]
[WhiteElo "2520"]
[BlackElo "2353"]
[PlyCount "67"]
[EventDate "2019.04.09"]
[WhiteTeam "Guangdong Shenzhen Longgang Chess team"]
[BlackTeam "Shandong Jingzhi team"]

1. e4 e6 2. d4 d5 3. Nd2 c5 4. Ngf3 cxd4 5. exd5 Qxd5 6. Bc4 Qd6 7. O-O Nf6 8.
Nb3 Nc6 9. Re1 a6 10. Nbxd4 Nxd4 11. Nxd4 Qc7 12. Bb3 Bd6 13. h3 O-O 14. Bg5
Bh2+ 15. Kh1 Bf4 16. Bxf6 gxf6 17. c3 Kh8 18. Qf3 Rg8 19. Re4 Be5 20. Rae1 Bd7
21. Rxe5 fxe5 22. Qf6+ Rg7 23. Rxe5 Qd8 24. Qf3 Qc7 25. Qf6 Qd8 26. Qf4 Qc7 27.
Bc2 Rag8 28. g3 Qb8 29. Qf6 Qd8 30. Qf3 Qc7 31. Qf6 Qd8 32. Qf3 Qc7 33. Qf6 Qd8
34. Qf3 1/2-1/2

[Event "Chinese League (Division A) 2019"]
[Site "China CHN"]
[Date "2019.11.21"]
[Round "16.2"]
[White "Tomashevsky, Evgeny"]
[Black "Chen, Qi b"]
[Result "1/2-1/2"]
[WhiteElo "2705"]
[BlackElo "2445"]
[PlyCount "190"]
[EventDate "2019.04.09"]
[WhiteTeam "Chongqing Jiulongpo Yucai Chess team"]
[BlackTeam "Jiangsu team"]

1. c4 Nf6 2. Nc3 e6 3. e4 d5 4. cxd5 exd5 5. e5 Ne4 6. Nf3 Bf5 7. d3 Nxc3 8.
bxc3 c5 9. d4 Qa5 10. Bd2 Nc6 11. c4 Qd8 12. Qb3 Be4 13. Qxb7 Rc8 14. Ng5 Be7
15. Nxe4 dxe4 16. d5 Nxe5 17. Qb5+ Qd7 18. Rb1 Qxb5 19. Rxb5 Kd7 20. Bc3 Bf6
21. Kd2 Ng4 22. Bxf6 Nxf6 23. Be2 Kd6 24. Rhb1 Rc7 25. Ke3 g6 26. R1b3 Ke5 27.
Rb7 Rhc8 28. Rxc7 Rxc7 29. Rb8 Nd7 30. Rd8 Nb6 31. Re8+ Kf6 32. Kf4 Nc8 33.
Rxe4 Nd6 34. Re3 Rb7 35. Ra3 Re7 36. Bd3 g5+ 37. Kg4 Nxc4 38. Bxc4 Re4+ 39. Kf3
Rxc4 40. Rxa7 Rd4 41. Ra6+ Ke7 42. d6+ Ke6 43. Ke3 f5 44. g3 h5 45. a4 h4 46.
a5 hxg3 47. hxg3 f4+ 48. gxf4 gxf4+ 49. Ke2 c4 50. Rb6 c3 51. Rc6 Ra4 52. a6
Ra2+ 53. Kf3 c2 54. a7 Rxa7 55. Rxc2 Kxd6 56. Re2 Ra4 57. Kg4 Kd5 58. Kf5 Kd6
59. Re4 Ra2 60. f3 Ra8 61. Kxf4 Rf8+ 62. Kg4 Rg8+ 63. Kh5 Kd5 64. Re3 Rf8 65.
Kg4 Rg8+ 66. Kf5 Rf8+ 67. Kg5 Rg8+ 68. Kf6 Rf8+ 69. Kg5 Rg8+ 70. Kh4 Rh8+ 71.
Kg3 Rg8+ 72. Kf2 Rf8 73. Re4 Rg8 74. Ke3 Ra8 75. Kf4 Rf8+ 76. Kg3 Rg8+ 77. Rg4
Rf8 78. Ra4 Ke5 79. Re4+ Kd5 80. Re1 Rg8+ 81. Kh4 Rh8+ 82. Kg5 Rg8+ 83. Kh5
Rh8+ 84. Kg6 Rf8 85. Re3 Kd4 86. Ra3 Ke5 87. Kg7 Rb8 88. Ra7 Rb4 89. Kg6 Kf4
90. Rf7+ Kg3 91. Kg5 Rb5+ 92. Kg6 Rb6+ 93. Kg5 Rb5+ 94. Rf5 Rxf5+ 95. Kxf5 Kxf3
1/2-1/2

[Event "Chinese League (Division A) 2019"]
[Site "China CHN"]
[Date "2019.11.21"]
[Round "16.3"]
[White "Andreikin, Dmitry"]
[Black "Li, Di"]
[Result "1/2-1/2"]
[WhiteElo "2724"]
[BlackElo "2543"]
[PlyCount "87"]
[EventDate "2019.04.09"]
[WhiteTeam "Chongqing Sports lottery chess team"]
[BlackTeam "Chengdu Beilei Youth Chess Club"]

1. Nf3 d5 2. d4 Nf6 3. c4 e6 4. Bg5 dxc4 5. e4 Bb4+ 6. Nc3 h6 7. Bxf6 Qxf6 8.
Bxc4 c5 9. O-O cxd4 10. e5 Qd8 11. Ne4 O-O 12. Qe2 Be7 13. Rad1 Nc6 14. Ng3 g6
15. Qe4 Bd7 16. h4 Na5 17. Be2 Bc6 18. Qg4 Qc7 19. h5 Bxf3 20. Bxf3 g5 21. Nf5
exf5 22. Qxf5 Qc8 23. e6 Qxe6 24. Qxa5 Bd8 25. Qb5 Bb6 26. Rfe1 Qf6 27. Rd3
Rac8 28. Bxb7 Rc5 29. Qb3 g4 30. Qd1 Rg5 31. g3 Rb8 32. Bg2 Bc5 33. b3 Qg7 34.
Re4 Kh8 35. Qe2 Rg8 36. b4 Bxb4 37. Rexd4 Bc5 38. Rd5 Qa1+ 39. Bf1 Qf6 40. Qd2
Rxd5 41. Rxd5 Rg5 42. Rxg5 hxg5 43. h6 Bb6 44. Qc2 1/2-1/2

[Event "Chinese League (Division A) 2019"]
[Site "China CHN"]
[Date "2019.11.21"]
[Round "16.6"]
[White "Grischuk, Alexander"]
[Black "Lin, Yi"]
[Result "1-0"]
[WhiteElo "2777"]
[BlackElo "2415"]
[PlyCount "75"]
[EventDate "2019.04.09"]
[WhiteTeam "China Mobil Shanghai Chess Club"]
[BlackTeam "Hangzhou Hongda team"]

1. g3 Nf6 2. Bg2 d5 3. Nf3 g6 4. c4 c6 5. b3 Bg7 6. Bb2 O-O 7. O-O Bg4 8. d3
Nbd7 9. Nbd2 Re8 10. h3 Bxf3 11. Nxf3 e5 12. cxd5 cxd5 13. e3 Rc8 14. Rc1 Rxc1
15. Qxc1 Qb8 16. Qb1 Rc8 17. Rc1 Rc6 18. Rxc6 bxc6 19. Qc2 Qd6 20. a3 Ne8 21.
e4 d4 22. b4 Bh6 23. h4 Nb6 24. Bh3 Nc7 25. Kg2 Bf8 26. Bc1 h5 27. Bd2 f6 28.
a4 Kg7 29. g4 Na6 30. g5 Nxb4 31. Bxb4 Qxb4 32. Qxc6 Qd6 33. Qb7+ Qe7 34. gxf6+
Kxf6 35. Qa6 Kg7 36. Ng5 Kh6 37. a5 Na4 38. Qc4 1-0

[Event "Chinese League (Division A) 2019"]
[Site "China CHN"]
[Date "2019.11.22"]
[Round "17.1"]
[White "Grischuk, Alexander"]
[Black "Wen, Yang"]
[Result "1-0"]
[WhiteElo "2777"]
[BlackElo "2586"]
[PlyCount "83"]
[EventDate "2019.04.09"]
[WhiteTeam "China Mobil Shanghai Chess Club"]
[BlackTeam "Shandong Jingzhi team"]

1. e4 e5 2. Nf3 Nc6 3. Bc4 Bc5 4. O-O Nf6 5. d3 d6 6. c3 O-O 7. Re1 h6 8. Nbd2
a6 9. Nf1 Ba7 10. a4 Ne7 11. Ng3 Ng6 12. d4 c6 13. Bd3 Bg4 14. Be2 Re8 15. h3
Bxf3 16. Bxf3 d5 17. exd5 Nxd5 18. dxe5 Nxe5 19. Bxd5 Qxd5 20. Qxd5 cxd5 21.
Rd1 Rad8 22. Nf5 Nc6 23. Kf1 d4 24. cxd4 Bxd4 25. Nxd4 Nxd4 26. Bf4 Nb3 27.
Rxd8 Rxd8 28. Ra3 Nc5 29. Be3 Rd5 30. Ke2 Kf8 31. b4 Ne6 32. Rd3 Rxd3 33. Kxd3
Ke7 34. Kc4 Kd6 35. g4 Ke5 36. b5 Kd6 37. f4 axb5+ 38. axb5 g5 39. f5 Nf4 40.
Bxf4+ gxf4 41. Kd4 f6 42. h4 1-0

[Event "Chinese League (Division A) 2019"]
[Site "China CHN"]
[Date "2019.11.22"]
[Round "17.4"]
[White "Xu, Minghui"]
[Black "Andreikin, Dmitry"]
[Result "1-0"]
[WhiteElo "2406"]
[BlackElo "2724"]
[PlyCount "73"]
[EventDate "2019.04.09"]
[WhiteTeam "Zhejiang team"]
[BlackTeam "Chongqing Sports lottery chess team"]

1. Nf3 f5 2. g3 Nf6 3. Bg2 g6 4. O-O Bg7 5. d4 O-O 6. c3 c6 7. Nbd2 Kh8 8. Qb3
Qe8 9. Re1 d5 10. Ne5 g5 11. Ndf3 g4 12. Nh4 Nfd7 13. Bf4 Nxe5 14. Bxe5 Bxe5
15. dxe5 Qf7 16. f3 gxf3 17. exf3 f4 18. e6 Qf6 19. Bh3 Na6 20. Qc2 Nc5 21. Qf5
b6 22. Rad1 Ba6 23. Qh5 Rg8 24. Bf5 Rg7 25. Ng6+ Kg8 26. Nxf4 Rf8 27. Re5 Kh8
28. Rde1 Qg5 29. Qxg5 Rxg5 30. Bc2 Rg7 31. Kf2 Nb7 32. Rh5 Nd6 33. Ng6+ Rxg6
34. Bxg6 Kg7 35. Bxh7 c5 36. Ree5 d4 37. Reg5+ 1-0

[Event "Chinese League (Division A) 2019"]
[Site "China CHN"]
[Date "2019.11.22"]
[Round "17.5"]
[White "Li, Di"]
[Black "Tomashevsky, Evgeny"]
[Result "1/2-1/2"]
[WhiteElo "2543"]
[BlackElo "2705"]
[PlyCount "41"]
[EventDate "2019.04.09"]
[WhiteTeam "Chengdu Beilei Youth Chess Club"]
[BlackTeam "Chongqing Jiulongpo Yucai Chess team"]

1. Nf3 d5 2. d4 Nf6 3. c4 e6 4. g3 Be7 5. Bg2 O-O 6. O-O dxc4 7. Qc2 a6 8. a4
Bd7 9. Rd1 Bc6 10. Nc3 Bxf3 11. Bxf3 Nc6 12. Bxc6 bxc6 13. Bg5 Rb8 14. e3 Nd7
15. Bxe7 Qxe7 16. a5 c5 17. Qe2 Rb4 18. Na2 Rb5 19. Nc3 Rb4 20. Na2 Rb5 21. Nc3
1/2-1/2

[Event "Chinese League (Division A) 2019"]
[Site "China CHN"]
[Date "2019.11.22"]
[Round "17.6"]
[White "Wei, Yi"]
[Black "Wang, Hao"]
[Result "1/2-1/2"]
[WhiteElo "2725"]
[BlackElo "2756"]
[PlyCount "56"]
[EventDate "2019.04.09"]
[WhiteTeam "Jiangsu team"]
[BlackTeam "Guangdong Shenzhen Longgang Chess team"]

1. e4 e5 2. Nf3 Nf6 3. Nxe5 d6 4. Nf3 Nxe4 5. d4 d5 6. Bd3 Bd6 7. O-O O-O 8. c4
c6 9. Re1 Bf5 10. Ng5 Re8 11. Bxe4 dxe4 12. Nc3 Nd7 13. c5 Bc7 14. Qb3 Re7 15.
Ngxe4 h6 16. Bd2 b6 17. Nd6 Bxd6 18. cxd6 Rxe1+ 19. Rxe1 Qf6 20. Re7 Rf8 21.
Ne4 Bxe4 22. Rxd7 Qxd4 23. Qe3 Qd5 24. f3 Bf5 25. Rxa7 Qxd6 26. Qf4 Qc5+ 27.
Qe3 Qd6 28. Qf4 Qc5+ 1/2-1/2

[Event "Chinese League (Division A) 2019"]
[Site "China CHN"]
[Date "2019.11.23"]
[Round "18.1"]
[White "Liu, Qingnan"]
[Black "Wei, Yi"]
[Result "0-1"]
[WhiteElo "2533"]
[BlackElo "2725"]
[PlyCount "52"]
[EventDate "2019.04.09"]
[WhiteTeam "Shandong Jingzhi team"]
[BlackTeam "Jiangsu team"]

1. e4 c5 2. f4 g6 3. Nf3 Bg7 4. Nc3 Nc6 5. Bb5 Nd4 6. O-O a6 7. Bd3 d6 8. Nxd4
cxd4 9. Ne2 Nf6 10. Kh1 e5 11. c3 O-O 12. cxd4 exd4 13. Nxd4 Re8 14. Qf3 Qe7
15. Nc2 Bg4 16. Qg3 Bd7 17. Re1 Bc6 18. e5 dxe5 19. fxe5 Nh5 20. Qg4 Bxe5 21.
Bxg6 hxg6 22. d4 f5 23. Qh3 Be4 24. Rxe4 fxe4 25. dxe5 Rad8 26. g4 Rd1+ 0-1

[Event "Chinese League (Division A) 2019"]
[Site "China CHN"]
[Date "2019.11.23"]
[Round "18.2"]
[White "Wang, Hao"]
[Black "Zhao, Yuanhe"]
[Result "1-0"]
[WhiteElo "2756"]
[BlackElo "2470"]
[PlyCount "65"]
[EventDate "2019.04.09"]
[WhiteTeam "Guangdong Shenzhen Longgang Chess team"]
[BlackTeam "Chengdu Beilei Youth Chess Club"]

1. c4 e5 2. Nc3 d6 3. Nf3 f5 4. d4 e4 5. Ng5 Be7 6. Nh3 Be6 7. Qb3 b6 8. Nf4
Bf7 9. g4 Nh6 10. gxf5 Nxf5 11. Bg2 c6 12. Bxe4 Nxd4 13. Qd1 Bf6 14. Be3 Ne6
15. Nxe6 Bxe6 16. Qd3 O-O 17. O-O-O b5 18. Bxh7+ Kh8 19. Qxd6 Qxd6 20. Rxd6
Bxc4 21. Be4 b4 22. Na4 Na6 23. Bd3 Bxd3 24. Rxd3 Nc7 25. Nc5 Nd5 26. Bd2 Rae8
27. e4 Nb6 28. f4 Nc4 29. e5 Nxd2 30. exf6 Ne4 31. Rh3+ Kg8 32. fxg7 Rxf4 33.
Rg1 1-0

[Event "Chinese League (Division A) 2019"]
[Site "China CHN"]
[Date "2019.11.23"]
[Round "18.3"]
[White "Tomashevsky, Evgeny"]
[Black "Lu, Shanglei"]
[Result "1/2-1/2"]
[WhiteElo "2705"]
[BlackElo "2612"]
[PlyCount "66"]
[EventDate "2019.04.09"]
[WhiteTeam "Chongqing Jiulongpo Yucai Chess team"]
[BlackTeam "Zhejiang team"]

1. c4 e6 2. Nc3 d5 3. d4 Nf6 4. Bg5 Nbd7 5. e3 h6 6. Bh4 Be7 7. Nf3 O-O 8. Qc2
c5 9. dxc5 Nxc5 10. cxd5 Nxd5 11. Bxe7 Qxe7 12. Nxd5 exd5 13. Be2 Be6 14. O-O
Rac8 15. Nd4 Ne4 16. Qd3 Qb4 17. Qb5 Qxb5 18. Bxb5 Rc5 19. Rfc1 Rfc8 20. Rxc5
Rxc5 21. Bd3 Kf8 22. f3 Nd6 23. b3 Ke7 24. Kf2 Bd7 25. h4 a5 26. Ke1 Bb5 27.
Bc2 Bd7 28. Bd3 Bb5 29. Bc2 Bd7 30. a4 Nc8 31. Kd2 Na7 32. Bd3 Nc6 33. Re1 Kd6
1/2-1/2